[Event "Bohumin op 3rd"]
[Site "Bohumin"]
[Date "2020.07.18"]
[Round "1"]
[White "Molenda, Marcin"]
[Black "Polak, Radim"]
[Result "1-0"]
[WhiteElo "2363"]
[BlackElo "1810"]
[PlyCount "47"]
[EventDate "2020.07.18"]
[EventType "swiss"]
[EventRounds "9"]
[EventCountry "CZE"]
[SourceTitle "CBM 197 Extra"]
[Source "ChessBase"]
[SourceDate "2020.09.30"]
[SourceVersion "1"]
[SourceVersionDate "2020.09.30"]
[SourceQuality "1"]

1. d4 d5 2. c4 c6 3. Nf3 Nf6 4. e3 e6 5. b3 Be7 6. Nbd2 Nbd7 7. Bd3 b6 8. 0-0 Bb7 9. Bb2 Rc8 10. Qe2 Qc7 11. Rac1 Qb8 12. e4 dxe4 13. Nxe4 Nxe4 14. Bxe4 Nf6 15. Bb1 0-0 16. Ne5 Rfd8 17. Rc3 Rxd4 18. Rh3 Rd6 19. Bxh7+ Kf8 20. Bg6 fxg6 21. Rh8+ Ng8 22. Nxg6+ Ke8 23. Rxg8+ Kf7 24. Rh8 1-0

[Event "Kromeriz op"]
[Site "Kromeriz"]
[Date "2014.05.10"]
[Round "4"]
[White "Polak, Radim"]
[Black "Svanda, Ondrej"]
[Result "1-0"]
[WhiteElo "1865"]
[BlackElo "1685"]
[PlyCount "91"]
[EventDate "2014.05.07"]
[EventType "swiss"]
[EventRounds "7"]
[EventCountry "CZE"]
[SourceTitle "EXT 2016"]
[Source "ChessBase"]
[SourceDate "2015.10.08"]
[SourceVersion "1"]
[SourceVersionDate "2015.10.08"]
[SourceQuality "1"]

1. d4 Nf6 2. Nf3 e6 3. c4 Bb4+ 4. Bd2 Qe7 5. a3 Bxd2+ 6. Nbxd2 b6 7. e4 d6 8. Bd3 Nbd7 9. 0-0 Bb7 10. Rc1 e5 11. Bb1 0-0 12. Qc2 Rfe8 13. Rfe1 a5 14. dxe5 Nxe5 15. Nd4 Nc6 16. Nf5 Qd7 17. Nf3 g6 18. Ng3 Re7 19. Qd2 Rae8 20. Nf5 Re6 21. Nh6+ Kg7 22. Ng5 R6e7 23. Rc3 Ne5 24. f3 Ng8 25. Nxg8 Kxg8 26. h4 h5 27. Nh3 Kh7 28. Nf4 Qd8 29. Rd1 Qa8 30. Nd5 Bxd5 31. Qxd5 Qxd5 32. cxd5 Ra8 33. Rdc1 Ra7 34. Kf2 Kg8 35. Bc2 b5 36. Bd3 Nxd3+ 37. Rxd3 Kf8 38. Rc6 Ke8 39. Rb3 Kd7 40. Rxb5 Re8 41. b3 Rea8 42. a4 Ra6 43. Rxa6 Rxa6 44. Ke3 c6 45. Rb7+ Ke8 46. Kd4 1-0

[Event "Brno op-B"]
[Site "Brno"]
[Date "2007.07.08"]
[Round "9"]
[White "Polak, Radim"]
[Black "Doskar, Miloslav"]
[Result "1/2-1/2"]
[WhiteElo "1997"]
[BlackElo "1725"]
[PlyCount "24"]
[EventDate "2007.07.01"]
[EventType "swiss"]
[EventRounds "9"]
[EventCountry "CZE"]
[SourceTitle "CBM 119 Extra"]
[Source "ChessBase"]
[SourceDate "2007.09.04"]
[SourceVersion "1"]
[SourceVersionDate "2007.09.04"]
[SourceQuality "1"]

1. e4 c5 2. Nf3 d6 3. d4 cxd4 4. Nxd4 Nf6 5. Nc3 a6 6. Bg5 e6 7. f4 Be7 8. Qf3 Nc6 9. 0-0-0 Qc7 10. Kb1 Nxd4 11. Rxd4 0-0 12. Rc4 Qb8 1/2-1/2

[Event "Brno op-B"]
[Site "Brno"]
[Date "2007.07.05"]
[Round "5"]
[White "Zerdaloglu, Vasilis"]
[Black "Polak, Radim"]
[Result "0-1"]
[WhiteElo "1816"]
[BlackElo "1997"]
[PlyCount "112"]
[EventDate "2007.07.01"]
[EventType "swiss"]
[EventRounds "9"]
[EventCountry "CZE"]
[SourceTitle "CBM 119 Extra"]
[Source "ChessBase"]
[SourceDate "2007.09.04"]
[SourceVersion "1"]
[SourceVersionDate "2007.09.04"]
[SourceQuality "1"]

1. e4 c6 2. Nf3 d5 3. e5 Bg4 4. c3 e6 5. h3 Bh5 6. d4 Nd7 7. Be2 c5 8. 0-0 Ne7 9. Re1 Nc6 10. Be3 Qb6 11. Qd2 Rc8 12. a3 c4 13. g4 Bg6 14. Nh4 Qd8 15. Bg5 Be7 16. f4 Be4 17. Bf3 Bxf3 18. Nxf3 Na5 19. Bxe7 Qxe7 20. Qf2 Nb3 21. Ra2 g6 22. Nbd2 Nxd2 23. Qxd2 h5 24. g5 a5 25. Qc2 Nb6 26. Rb1 Rc6 27. a4 Qc7 28. Ra3 0-0 29. Kf2 Rb8 30. Ke3 Nc8 31. Nh4 Ne7 32. Kd2 b5 33. axb5 Rxb5 34. Rba1 Rcb6 35. R1a2 Rb7 36. Kc1 Kg7 37. Ra4 Nc6 38. Nf3 Qb6 39. Nh4 Rb3 40. Nf3 Nb4 41. Rxb4 axb4 42. Nd2 bxc3 43. bxc3 Rb5 44. Kd1 Ra7 45. Kc1 Rxa2 46. Qxa2 Ra5 47. Qb2 Qa7 48. Kd1 Ra2 49. Qb4 Ra1+ 50. Nb1 Qa2 51. Kc1 Qf2 52. Qb2 Qxf4+ 53. Kc2 Qe4+ 54. Kc1 Qe3+ 55. Kc2 Qe2+ 56. Kc1 Ra2 0-1

[Event "Brno op-B"]
[Site "Brno"]
[Date "2007.07.03"]
[Round "3"]
[White "Novak, Jaromir"]
[Black "Polak, Radim"]
[Result "0-1"]
[WhiteElo "2013"]
[BlackElo "1997"]
[PlyCount "98"]
[EventDate "2007.07.01"]
[EventType "swiss"]
[EventRounds "9"]
[EventCountry "CZE"]
[SourceTitle "CBM 119 Extra"]
[Source "ChessBase"]
[SourceDate "2007.09.04"]
[SourceVersion "1"]
[SourceVersionDate "2007.09.04"]
[SourceQuality "1"]

1. e4 c6 2. d4 d5 3. exd5 cxd5 4. c4 e6 5. Nc3 Nf6 6. Nf3 Nc6 7. cxd5 Nxd5 8. Bc4 Bb4 9. Bd2 0-0 10. 0-0 Nb6 11. Qb3 Be7 12. Be2 Bf6 13. Be3 Nd5 14. Ne4 b6 15. Rad1 Na5 16. Qc2 Bb7 17. Nxf6+ Nxf6 18. Bg5 Rc8 19. Qb1 Bd5 20. b3 h6 21. Bh4 Qe7 22. Ne5 g5 23. Bg3 Ne4 24. Rc1 Nd2 25. Qd3 Nxf1 26. Rxf1 Qb7 27. f3 f6 28. Ng6 Rf7 29. h4 Nc6 30. hxg5 hxg5 31. Bd1 Nb4 32. Qb1 Bc6 33. Re1 Qd7 34. Bf2 Bb5 35. Be2 Bxe2 36. Rxe2 Nd5 37. Rd2 Qc7 38. Qe1 Qc1 39. Rd1 Qc2 40. Qxe6 Qxd1+ 41. Kh2 Rd8 42. Ne5 fxe5 43. Qg6+ Rg7 44. Qe6+ Kh8 45. Qxe5 Qd2 46. Kg1 Nf4 47. Qf6 Qd1+ 48. Kh2 Qf1 49. Qxd8+ Kh7 0-1

[Event "Brno op-B"]
[Site "Brno"]
[Date "2007.07.02"]
[Round "2"]
[White "Polak, Radim"]
[Black "Turza, Pavel"]
[Result "1/2-1/2"]
[WhiteElo "1997"]
[BlackElo "1765"]
[PlyCount "108"]
[EventDate "2007.07.01"]
[EventType "swiss"]
[EventRounds "9"]
[EventCountry "CZE"]
[SourceTitle "CBM 119 Extra"]
[Source "ChessBase"]
[SourceDate "2007.09.04"]
[SourceVersion "1"]
[SourceVersionDate "2007.09.04"]
[SourceQuality "1"]

1. e4 a6 2. Bc4 b5 3. Bb3 Bb7 4. Nf3 e6 5. Qe2 Nf6 6. d3 Be7 7. c4 bxc4 8. Bxc4 d5 9. exd5 Nxd5 10. 0-0 0-0 11. Nc3 Nxc3 12. bxc3 Bd5 13. Bb3 Nc6 14. Be3 Rb8 15. Bxd5 Qxd5 16. d4 Qa5 17. Qc2 Rb7 18. Bd2 Rfb8 19. Rab1 Rxb1 20. Rxb1 Rxb1+ 21. Qxb1 Qb5 22. Qe4 Qd5 23. Qc2 Qc4 24. Qb3 Qxb3 25. axb3 Na5 26. b4 Nc4 27. Kf1 a5 28. bxa5 Nxa5 29. Ke2 Kf8 30. Be3 Bf6 31. Kd3 Ke7 32. Bf4 c6 33. Bc7 Nb7 34. Kc4 Kd7 35. Be5 Nd6+ 36. Bxd6 Kxd6 37. g4 g5 38. Nd2 Be7 39. Ne4+ Kc7 40. h3 Kd7 41. Kd3 Kc7 42. c4 Kd7 43. Nc3 Bf6 44. Ke4 c5 45. Ne2 cxd4 46. Nxd4 Kd6 47. Nb3 Bc3 48. f3 Bb2 49. f4 f6 50. fxg5 fxg5 51. c5+ Ke7 52. Nd4 Ba3 53. c6 Bd6 54. Nb5 Bh2 1/2-1/2

[Event "Orlova op1"]
[Site "Orlova"]
[Date "2006.05.??"]
[Round "?"]
[White "Polak, Radim"]
[Black "Olsarova, Karolina"]
[Result "1/2-1/2"]
[WhiteElo "2044"]
[BlackElo "1930"]
[PlyCount "145"]
[EventDate "2006.05.??"]
[EventType "swiss"]
[EventRounds "9"]
[EventCountry "CZE"]
[SourceTitle "EXT 2008"]
[Source "ChessBase"]
[SourceDate "2007.11.25"]
[SourceVersion "1"]
[SourceVersionDate "2007.11.25"]
[SourceQuality "1"]

1. e4 e5 2. Nc3 Nf6 3. f4 d5 4. fxe5 Nxe4 5. Nf3 Bc5 6. d4 Bb4 7. Bd2 c5 8. Bb5+ Nc6 9. Nxe4 dxe4 10. Bxb4 cxb4 11. Ng1 a6 12. Bxc6+ bxc6 13. Qd2 a5 14. Ne2 Be6 15. Qe3 Bd5 16. Ng3 Qh4 17. 0-0 0-0 18. Rf4 Qh6 19. h3 Rad8 20. Nxe4 Bxe4 21. Qxe4 Rd5 22. Raf1 Qe6 23. Rh4 h6 24. Qg4 Qxg4 25. Rxg4 Rfd8 26. c3 bxc3 27. bxc3 c5 28. Rgf4 cxd4 29. cxd4 Rxd4 30. Rxf7 Rd1 31. Ra7 Rxf1+ 32. Kxf1 Rd5 33. e6 Re5 34. a4 Kh7 35. e7 Kg6 36. Rxa5 Rxe7 37. Rb5 Re4 38. a5 Ra4 39. Rb6+ Kf5 40. a6 Ke5 41. Kf2 Ra3 42. h4 Kd5 43. h5 Ke5 44. g4 Kf4 45. Rg6 Ra2+ 46. Ke1 Ke5 47. g5 hxg5 48. Rxg5+ Kf6 49. Rg6+ Kf7 50. Rb6 Kg8 51. Kd1 Kh7 52. Kc1 Ra5 53. Kd2 Rxh5 54. a7 Ra5 55. Rb7 Kg6 56. Rb6+ Kf5 57. Rb5+ Rxb5 58. a8Q Re5 59. Qf8+ Kg6 60. Qd6+ Kf5 61. Qf8+ Kg6 62. Kd3 Rf5 63. Qd6+ Kg5 64. Ke4 g6 65. Qg3+ Kf6 66. Qh4+ Ke6 67. Qh8 Kf7 68. Qd8 Ke6 69. Qb6+ Kf7 70. Qd6 Kg7 71. Qe7+ Kh6 72. Qe6 Kg7 73. Qxf5 1/2-1/2

[Event "Klatovy op-A"]
[Site "Klatovy"]
[Date "2005.07.03"]
[Round "2"]
[White "Tupy, Martin"]
[Black "Polak, Radim"]
[Result "1-0"]
[WhiteElo "2248"]
[BlackElo "2044"]
[PlyCount "73"]
[EventDate "2005.07.02"]
[EventType "swiss"]
[EventRounds "9"]
[EventCountry "CZE"]
[SourceTitle "CBM 107 Extra"]
[Source "ChessBase"]
[SourceDate "2005.09.01"]
[SourceVersion "1"]
[SourceVersionDate "2005.09.01"]
[SourceQuality "1"]

1. d4 d5 2. c4 c6 3. Nf3 Nf6 4. Nc3 e6 5. g3 Be7 6. Bg2 0-0 7. 0-0 Nbd7 8. b3 a6 9. Qc2 b5 10. Bf4 b4 11. Na4 Bb7 12. c5 a5 13. a3 Ne4 14. Nd2 f5 15. Nxe4 fxe4 16. axb4 axb4 17. Bh3 Rf6 18. Qd2 Ba6 19. Ra2 Rg6 20. Qxb4 Bg5 21. Bd6 Bb5 22. Rfa1 Be7 23. Bxe7 Qxe7 24. Nc3 Rxa2 25. Rxa2 e3 26. f3 Qh4 27. Kg2 Qh5 28. Bg4 Rxg4 29. fxg4 Qxg4 30. Qa5 Qf5 31. Qd8+ Nf8 32. Ra8 Qf2+ 33. Kh3 h5 34. Qxf8+ Qxf8 35. Rxf8+ Kxf8 36. Nxb5 cxb5 37. Kg2 1-0

[Event "Klatovy op-A"]
[Site "Klatovy"]
[Date "2005.07.02"]
[Round "1"]
[White "Kuba, Stanislav"]
[Black "Polak, Radim"]
[Result "1-0"]
[WhiteElo "2243"]
[BlackElo "2044"]
[PlyCount "63"]
[EventDate "2005.07.02"]
[EventType "swiss"]
[EventRounds "9"]
[EventCountry "CZE"]
[SourceTitle "CBM 107 Extra"]
[Source "ChessBase"]
[SourceDate "2005.09.01"]
[SourceVersion "1"]
[SourceVersionDate "2005.09.01"]
[SourceQuality "1"]

1. d4 Nf6 2. c4 e6 3. Nf3 c6 4. Nc3 d5 5. e3 Nbd7 6. Bd3 Bd6 7. 0-0 0-0 8. e4 dxe4 9. Nxe4 Nxe4 10. Bxe4 Nf6 11. Bc2 h6 12. Qd3 Qc7 13. c5 Be7 14. Ne5 Rd8 15. Bxh6 Bxc5 16. Be3 Bd6 17. f4 Bd7 18. g4 Be8 19. g5 Nd5 20. Qh7+ Kf8 21. Rae1 Nxe3 22. Rxe3 Bxe5 23. Rxe5 Qb6 24. Qh8+ Ke7 25. Qxg7 Qxd4+ 26. Kg2 Rd5 27. Qf6+ Kd6 28. g6 Qc5 29. Rxd5+ cxd5 30. Qe5+ Ke7 31. Bf5 Bc6 32. Qc7+ 1-0

[Event "Bohemia South-chT 0405"]
[Site "Czech Republic"]
[Date "2005.??.??"]
[Round "?"]
[White "Polak, Radim"]
[Black "Handl, Martin"]
[Result "0-1"]
[WhiteElo "2010"]
[BlackElo "2020"]
[PlyCount "108"]
[EventDate "2004.10.??"]
[EventType "team"]
[EventRounds "11"]
[EventCountry "CZE"]
[SourceTitle "EXT 2007"]
[Source "ChessBase"]
[SourceDate "2006.11.23"]
[SourceVersion "1"]
[SourceVersionDate "2006.11.23"]
[SourceQuality "1"]

1. e4 c5 2. Nf3 d6 3. d4 cxd4 4. Nxd4 Nf6 5. Nc3 a6 6. Bg5 e6 7. Bd3 Be7 8. f4 Nbd7 9. Qe2 Qc7 10. 0-0-0 b5 11. Rhe1 Bb7 12. Nd5 Nxd5 13. exd5 Bxg5 14. Nxe6 fxe6 15. Qh5+ Kd8 16. Qxg5+ Nf6 17. dxe6 Qe7 18. c3 Rc8 19. Bc2 Kc7 20. Rd4 Kb8 21. f5 Rc5 22. Red1 Rd5 23. Rxd5 Bxd5 24. Qg3 Rd8 25. Qg5 Rc8 26. Kb1 Qc7 27. Qd2 Qc4 28. Bb3 Qe4+ 29. Bc2 Qxg2 30. Qxg2 Bxg2 31. Rg1 Bd5 32. Rxg7 Rg8 33. Rxg8+ Nxg8 34. Kc1 Kc7 35. Kd2 Kd8 36. a3 Ke7 37. Ke3 Kf6 38. Kf4 Ne7 39. Bd3 Bc4 40. Be4 Nd5+ 41. Kf3 Ke5 42. Bc2 h5 43. b3 Bf1 44. Kg3 Ne7 45. Bb1 Be2 46. h3 Bd1 47. b4 Bb3 48. Kh4 Nxf5+ 49. Kxh5 Bxe6 50. Kg5 Ng3 51. h4 Ne4+ 52. Kg6 Nxc3 53. Bc2 Ne4 54. h5 Bf5+ 0-1